000 00697nam a2200217 a 4500
001 000016291
005 20200929164345.0
008 100303s1996 dr 000 0 spa d
040 _aDO-SdBNP
082 _a461
_bZ88L, 1996
100 1 _aZorrilla, Mercedes
_936378
245 1 0 _aLengua española integral I. /
_cMercedes Zorrilla.
250 _a5a. ed.
260 _aSanto Domingo :
_bAmigo del Hogar,
_c1996.
300 _a270 p. : ;
_c23 cm.
500 _aIncluye referencias bibliográficas (p.269-270)
590 _aInventariado, 2019/ YL
650 4 _aEspañol
_xEnseñanza básica
_936379
650 4 _aEspañol
_xAcentuación
_xEnseñanza
_936380
650 4 _aEspañol en américa
_92217
999 _c15826
_d15826